00381 2200145 4500245005300000020002200053250001100075100002000086650001300106005001900119260003900138041001400177084000800191300003600199 aSeni Membaca Bahasa TubuhcClaudia SabrinahText a978-623-7778-11-0 aCet. 2 aClaudia Sabrina aMotivasi a20250915100504 aYogyakartabBright Publisherc2020 aIndonesia a100 aviii + 132 hlm. :c13,5 * 20 cm